000
00338nam a22001457a 4500
020
_a
1-55608-015-8
041
_a
ENG
100
_a
Bear Jacob
245
_a
Modeling Groundwater Flow and Pollution
250
_a
414
260
_a
Boston
_b
D.Reidel Publishing Company
_c
1987
650
_a
IED
700
_a
Verruijt.A
856
_u
IED ( 05 )
999
_c
1528
_d
1528